Normal view MARC view
  • GOYAL, PROF.RAMESH.K AND OTHERS

Entry Personal Name

Number of records used in: 1

001 - CONTROL NUMBER

  • control field: 8225

003 - CONTROL NUMBER IDENTIFIER

  • control field: JRU

005 - DATE AND TIME OF LATEST TRANSACTION

  • control field: 20231103133452.0

008 - FIXED-LENGTH DATA ELEMENTS

  • fixed length control field: 231103|| aca||aabn | a|a d

040 ## - CATALOGING SOURCE

  • Original cataloging agency: JRU
  • Transcribing agency: JRU

100 ## - HEADING--PERSONAL NAME

  • Personal name: GOYAL, PROF.RAMESH.K AND OTHERS

670 ## - SOURCE DATA FOUND

  • Source citation: Work cat.: (JRU)8449: GOYAL, PROF.RAMESH.K AND OTHERS, A TEXTBOOK OF HOSPITAL PHARMACY [16TH. ED]